| 000 | 01072ngm a2200277 a 4500 | ||
|---|---|---|---|
| 005 | 20240816063718.0 | ||
| 008 | 991125s1980 mx 120 aaspa u | ||
| 035 | _aUPN01000052633 | ||
| 049 | _aAV | ||
| 050 | 4 | _aPVI AC 717 | |
| 245 | 0 | 0 | _aSale y vale, 8. |
| 260 |
_aMéxico : _bCNCA : _bSEP, _c[198-]. |
||
| 300 | _a1 videocasete (VHS) (120 min.) | ||
| 440 | 0 |
_aSale y vale ; _v8 |
|
| 505 | 8 |
_aContenido: _tSalud en la comunidad -- _tLas máscaras -- _tEl zoológico -- _tLa investigación científica |
|
| 520 | _aEn esta ocasión, los niños del club descubren la importancia de la alimentación; hacen una visita al zoológico; se enteran del significado antropológico de las máscaras y resuelven sus dudas sobre lo que es la invesigación científica | ||
| 650 | 2 |
_aAnimales _91051 |
|
| 650 | 4 |
_aInvestigación _97412 |
|
| 650 | 4 |
_aMASCARAS _99366 |
|
| 650 | 4 |
_aNiños _xSalud e higiene _94876 |
|
| 740 | 0 | _aSalud en la comunidad | |
| 740 | 4 | _aLas máscaras | |
| 740 | 3 | _aEl zoológico | |
| 740 | 3 | _aLa investigación científica | |
| 905 | _aAudiovisuales | ||
| 999 |
_c52633 _d52633 |
||